Základná škola s multifunkčnou športovou halou

Saved in:
Bibliographic Details
Main Author: Kubernátová, Patrícia (Author)
Other Authors: Ingeli, Rastislav (Thesis advisor)
Format: Manuscript Book
Language:Slovak
Published: 2023
Subjects:
Online Access:http://is.stuba.sk/zp/portal_zp.pl?podrobnosti=168765
https://opac.crzp.sk/?fn=detailBiblioForm&sid=C0DEB8E07572332BAC210E15805F
Tags: Add Tag
No Tags, Be the first to tag this record!

MARC

LEADER 00000ntm a22000003a 4500
001 stuzp93943
003 SK-STU
005 20230919101311.5
007 ta
008 150427s2015----xo-----f-mn---000-0-slo-d
040 |a STU  |b slo 
041 0 |a slo 
100 1 |a Kubernátová, Patrícia  |u 010180  |4 aut  |U SvF Stavebná fakulta  |T SvF Katedra konštrukcií pozemných stavieb  |X 87485  |U V180  |Y 18  |7 87485 
242 0 1 |a Elementary school with a multifunctional sports hall  |y eng 
245 1 0 |a Základná škola s multifunkčnou športovou halou 
260 |c 2023 
650 4 |a CLT panel  |2 slo 
650 4 |a objekt  |2 slo 
650 4 |a základná škola  |2 slo 
650 4 |a multifunkčná športová hala  |2 slo 
650 4 |a CLT panel  |2 eng 
650 4 |a elementary school  |2 eng 
650 4 |a object  |2 eng 
650 4 |a multifunctional sports hall  |2 eng 
700 1 |a Ingeli, Rastislav  |u 010180  |k Z1  |4 ths  |U SvF Stavebná fakulta  |T SvF Katedra konštrukcií pozemných stavieb  |X 23863  |U V180  |Y 18  |7 A000023863 
856 4 |u http://is.stuba.sk/zp/portal_zp.pl?podrobnosti=168765 
856 4 |u https://opac.crzp.sk/?fn=detailBiblioForm&sid=C0DEB8E07572332BAC210E15805F